Radicalism and reform the new deal / (Registro nro. 36833)
[ vista simple ]
| 000 -CABECERA | |
|---|---|
| campo de control de longitud fija | 00448nam a2200145 a 4500 |
| 001 - NÚMERO DE CONTROL | |
| campo de control | 000037343 |
| 005 - FECHA Y HORA DE LA ÚLTIMA TRANSACCIÓN | |
| campo de control | 20200930080314.0 |
| 008 - DATOS DE LONGITUD FIJA--INFORMACIÓN GENERAL | |
| campo de control de longitud fija | 120328s1972 xxu 000 0 spa d |
| 040 ## - FUENTE DE LA CATALOGACIÓN | |
| Centro catalogador/agencia de origen | DO-SdBNP |
| Lengua de catalogación | spa |
| Centro/agencia transcriptor | BNPHU |
| 041 17 - CÓDIGO DE LENGUA | |
| Código de lengua del texto/banda sonora o título independiente | eng |
| 245 00 - MENCIÓN DE TÍTULO | |
| Título | Radicalism and reform the new deal / |
| Mención de responsabilidad, etc. | Editor Richard Polenberg. |
| 260 ## - PUBLICACIÓN, DISTRIBUCIÓN, ETC. | |
| Lugar de publicación, distribución, etc. | California : |
| Nombre del editor, distribuidor, etc. | Addison-Wesley Publishing Company, |
| Fecha de publicación, distribución, etc. | 1972. |
| 300 ## - DESCRIPCIÓN FÍSICA | |
| Extensión | 188 p. ; |
| Dimensiones | 21 cm. |
| 700 1# - PUNTO DE ACCESO ADICIONAL--NOMBRE DE PERSONA | |
| Nombre de persona | Polenberg, Richard |
| Término indicativo de función/relación | ed. |
| 9 (RLIN) | 63811 |
| Estado de retiro | Estado de pérdida | Restricciones de uso | No para préstamo | Código de colección | Localización permanente | Ubicación/localización actual | Ubicación en estantería | Fecha de adquisición | Número de inventario | Total de préstamos | Signatura topográfica completa | Código de barras | Fecha visto por última vez | Precio válido a partir de | Tipo de ítem Koha |
|---|---|---|---|---|---|---|---|---|---|---|---|---|---|---|---|
| Excluido de préstamo | Monografías: Libros y Folletos | General | General | En catalogación | 28.03.2012 | LF1 | 37343-10 | 25.06.2020 | 25.06.2020 | No se presta | |||||
| Monografías: Libros y Folletos | General | General | Orden iniciada | 28.03.2012 | LF1 | 37344-10 | 25.06.2020 | 25.06.2020 | No se presta | ||||||
| Monografías: Libros y Folletos | General | General | Orden iniciada | 28.03.2012 | LF1 | 37345-10 | 25.06.2020 | 25.06.2020 | No se presta |
